La geometría
Na minha lista:
| Autor principal: | |
|---|---|
| Formato: | Livro |
| Idioma: | espanhol |
| Publicado em: |
Buenos Aires
Espasa-Calpe
1947
|
| coleção: | Historia y Filosofía de la Ciencia
|
| Assuntos: | |
| Tags: |
Adicionar Tag
Sem tags, seja o primeiro a adicionar uma tag!
|
MARC
| LEADER | 00000nam a2200000 a 4500 | ||
|---|---|---|---|
| 001 | UCV7934 | ||
| 003 | CL-VaPUC | ||
| 008 | 900313e19470000AG |||||||||||||||||spa|d | ||
| 082 | 0 | 4 | |a 516 |b DES |2 21 |
| 100 | |a Descartes, René |e autor |9 265906 | ||
| 245 | 1 | 3 | |a La geometría |
| 300 | |a 221 p | ||
| 942 | |c BK | ||
| 945 | |d 19900313 00:00:00 | ||
| 260 | |a Buenos Aires |b Espasa-Calpe |c 1947 | ||
| 650 | 0 | |a Geometría analítica |9 260062 | |
| 650 | 0 | |a Geometría |9 264063 | |
| 650 | 7 | |a OBRAS ANTERIORES A 1800 |2 CL-VaPUC |9 265809 | |
| 583 | |a last modification |c 19900313 00:00:00 |k Rodrigo Vera | ||
| 490 | 0 | |a Historia y Filosofía de la Ciencia | |
| 999 | |c 213535 |d 213533 | ||